00358 a2200085 450000500170000010000230001724501700004025000080021026000540021820260325131152.0 a Morvanchikar R. S aआधुनिक महाराष्ट्राची जडणघडण शिल्पकार चरित्रकोश खंड १ : इतिहास a1st bSaptahik Vivek Hindusthan Prakashan Samsthac2009